[Event "Balkan Youth Online-ch 2020"]
[Site "Online"]
[Date "2020.10.31"]
[Round "1.36"]
[White "Stepanencu, Nicodim-Cosmin"]
[Black "Unat, Can Haktan"]
[Result "0-1"]
[WhiteElo "2006"]
[BlackElo "2130"]
[Annotator "TA"]
[PlyCount "88"]
[EventDate "2020.10.31"]
[EventType "swiss"]
[SourceTitle "playchess.com"]
[Source "ChessBase"]
[SourceQuality "1"]

{[%evp 9,88,0,0,2,14,16,30,19,34,0,0,-9,6,-19,-26,-3,-18,-7,0,-22,-31,-25,-19,-19,0,-7,0,-28,9,0,0,0,0,-7,-10,-487,-492,-495,-495,-484,-496,-481,-480,-572,-357,-475,-463,-613,-619,-637,-571,-684,-677,-683,-686,-915,-912,-901,-887,-1000,-1000,-1000,-952,-936,-814,-748,-748,-803,-792,-1320,-1068,-1800,-1591,-1441,-1393,-5722,-5722,-29954,-5219,-10731,-5706]} 1. e4 c5 2. Nf3 e6 3. b3 b6 4. Bd3 Bb7 5. O-O Nc6 6. Re1 {B40: Sicilian: 2...e6, Unusual lines.} Nge7 7. Bb2 Ng6 8. g3 {[#] White has an edge.} Qc7 $146 ({Predecessor:} 8... d6 9. Na3 a6 10. Bf1 b5 11. c4 b4 12. Nc2 e5 13. Ne3 Be7 14. h4 Nf8 {½-½ (23) Beerdsen,T (2460)-De Jong,M (2309) Hoogeveen 2018}) 9. Nc3 a6 10. Bf1 Bd6 11. d4 cxd4 12. Nxd4 Nxd4 13. Qxd4 Be5 14. Qd2 Rc8 {[%cal Re5c3]} 15. Re3 O-O 16. Rd1 b5 17. Qxd7 Qb6 $36 {[%mdl 2048] White is under pressure.} 18. Qd2 (18. Qd3 {feels hotter.} Rc6 19. Qe2 Rfc8 20. Qe1 Qa5 21. Rd7) 18... Rfd8 19. Rd3 Rxd3 20. cxd3 Bd4 21. Rc1 Ne5 22. Bg2 $2 {[%mdl 8192] [#] This costs White the game.} (22. Qf4 $11) 22... Bxf2+ $1 $19 {[%mdl 576] Deflection, Decoy} 23. Qxf2 Qxf2+ 24. Kxf2 {Strongly threatening Ke2.} Nxd3+ {[%mdl 64] Double Attack} 25. Ke3 Nxc1 ({Weaker is} 25... Nxb2 26. Bf3 $15) 26. Bf1 b4 27. Na4 Nxa2 28. Nb6 Rc2 {[%mdl 64] Double Attack} 29. Bd4 Rxh2 30. Nd7 Bc6 31. Ne5 Bb5 32. Nc4 Nc1 33. Bc5 a5 34. Bb6 Nxb3 {And now ...a4 would win.} 35. Nxa5 Bxf1 36. Nxb3 {[%mdl 4096] Endgame KRB-KBN} Rb2 37. Nd2 Bb5 38. Bd4 Rc2 39. Ba1 Ra2 40. Bd4 Ra3+ 41. Kf2 {[#]} Rd3 $1 {[%mdl 64] Double Attack} 42. Be3 b3 43. Nb1 Bc6 (43... Rd1 $142 44. Na3 b2 45. e5 Ra1 46. Bd4 Rxa3 47. Bxb2 {[#]} Ra2 $1 {[%mdl 512]} 48. Kf3 Rxb2 49. Ke4 Rb4+ 50. Ke3 h5 51. Kf3 Bc6+ 52. Kf2 Rb3 53. Kg1 Rxg3+ 54. Kf2 h4 55. Ke2 Rf3 56. Ke1 h3 57. Kd1 h2 58. Kd2 h1=Q 59. Ke2 Qg2+ 60. Ke1 Rf1#) 44. e5 Be4 {Av CentiPawn Loss W=-144/B=-78. Weighted=-129/-67} 0-1

[Event "Balkan Youth Online-ch 2020"]
[Site "Online"]
[Date "2020.10.31"]
[Round "1.38"]
[White "Papidakis, Georgios"]
[Black "Kilic, Gokturk Kagan"]
[Result "1-0"]
[WhiteElo "2135"]
[BlackElo "2084"]
[Annotator "RC"]
[PlyCount "93"]
[EventDate "2020.10.31"]
[EventType "swiss"]
[SourceTitle "playchess.com"]
[Source "ChessBase"]
[SourceQuality "1"]
[TimeControl "5400+30"]

1. d4 {[%emt 1:05:20]} Nf6 {[%emt 1:05:27]} 2. c4 {[%emt 0:00:23]} g6 {[%emt 0:01:00]} 3. Nc3 {[%emt 0:00:23]} Bg7 {[%emt 0:00:23]} 4. e4 {[%emt 0:00:23]} d6 {[%emt 0:00:22]} 5. Be2 {[%emt 0:00:22]} Nbd7 {[%emt 0:00:22]} 6. Be3 {[%emt 0:04:40]} e5 {[%emt 0:00:34]} 7. d5 {[%emt 0:00:25]} O-O {[%emt 0:00:24]} 8. Qd2 {[%emt 0:02:15]} Nc5 {[%emt 0:05:10]} 9. f3 {[%emt 0:00:25]} a5 {[%emt 0:00:23]} 10. h4 {[%emt 0:05:35]} Nh5 {[%emt 0:07:28]} 11. O-O-O {[%emt 0:06:03]} f5 {[%emt 0:04:05]} 12. exf5 {[%emt 0:07:25]} gxf5 {[%emt 0:05:26]} 13. Bg5 {[%emt 0:01:35]} Qe8 {[%emt 0:01:02]} 14. Nb5 {[%emt 0:01:24]} Qf7 {[%emt 0:00:53]} 15. Be3 {[%emt 0:00:39]} b6 {[%emt 0:01:15]} 16. Nh3 {[%emt 0:00:24]} f4 {[%emt 0:01:07]} 17. Bf2 {[%emt 0:00:21]} h6 {[%emt 0:01:14]} 18. Nc3 {[%emt 0:00:28]} Bf5 {[%emt 0:00:25]} 19. Bxc5 {[%emt 0:00:36]} bxc5 {[%emt 0:00:33]} 20. Bd3 {[%emt 0:00:22]} Ng3 {[%emt 0:00:22]} 21. Rh2 {[%emt 0:00:38]} a4 {[%emt 0:01:28]} 22. Nf2 {[%emt 0:00:27]} a3 {[%emt 0:00:27]} 23. b3 {[%emt 0:00:29]} Qg6 {[%emt 0:00:56]} 24. Nfe4 {[%emt 0:00:38]} Rfb8 {[%emt 0:00:35]} 25. Nxg3 {[%emt 0:00:35]} fxg3 {[%emt 0:00:49]} 26. Bxf5 {[%emt 0:00:27]} Qxf5 {[%emt 0:00:24]} 27. Rh3 {[%emt 0:00:21]} e4 {[%emt 0:00:35]} 28. Nxe4 {[%emt 0:00:35]} Qe5 {[%emt 0:00:24]} 29. Qc2 {[%emt 0:00:33]} Qa1+ {[%emt 0:00:39]} 30. Kd2 {[%emt 0:00:21]} Qd4+ {[%emt 0:00:22]} 31. Kc1 {[%emt 0:00:25]} Qb2+ {[%emt 0:00:29]} 32. Kd2 {[%emt 0:00:26]} Qe5 {[%emt 0:00:36]} 33. Rxg3 {[%emt 0:00:27]} Kh8 {[%emt 0:00:22]} 34. Re1 {[%emt 0:00:47]} Re8 {[%emt 0:00:31]} 35. Rg4 {[%emt 0:00:30]} h5 {[%emt 0:00:31]} 36. Rg6 {[%emt 0:00:39]} Qf4+ {[%emt 0:00:32]} 37. Kd1 {[%emt 0:00:24]} Qxh4 {[%emt 0:00:27]} 38. Qd2 {[%emt 0:00:37]} Re5 {[%emt 0:00:36]} 39. g3 {[%emt 0:00:30]} Qh3 {[%emt 0:00:32]} 40. Ng5 {[%emt 0:00:31]} Rxe1+ {[%emt 0:00:36]} 41. Qxe1 {[%emt 0:00:24]} Qf5 {[%emt 0:00:22]} 42. Qe4 {[%emt 0:00:26]} Qxe4 {[%emt 0:00:27]} 43. Nxe4 {[%emt 0:00:24]} Rb8 {[%emt 0:00:24]} 44. Kc2 {[%emt 0:00:24]} Kh7 {[%emt 0:00:22]} 45. Re6 {[%emt 0:00:23]} Rf8 {[%emt 0:00:27]} 46. Re7 {[%emt 0:00:22]} Rxf3 {[%emt 0:00:22]} 47. Ng5+ {[%emt 0:00:21]} 1-0

[Event "Balkan Youth Online-ch 2020"]
[Site "Online"]
[Date "2020.10.31"]
[Round "1.39"]
[White "Vujovic, Savo"]
[Black "Dimov, Nikola"]
[Result "1-0"]
[WhiteElo "2118"]
[BlackElo "1771"]
[Annotator "TA"]
[PlyCount "125"]
[EventDate "2020.10.31"]
[EventType "swiss"]
[SourceTitle "playchess.com"]
[Source "ChessBase"]
[SourceQuality "1"]

{[%evp 12,125,41,24,95,0,11,0,34,30,44,37,36,-27,-30,-47,-24,-18,0,-86,83,83,79,65,81,69,60,31,125,150,285,281,269,278,266,279,470,476,523,517,635,705,823,466,432,396,419,254,254,256,257,257,324,308,349,345,335,330,391,397,420,420,412,409,420,420,604,580,586,583,1259,1242,1127,971,1243,1009,29971,29971,29970,29972,29972,29973,29971,29970,29971,29972,29966,8,33,8,8,8,8,8,8,8,8,8,8,8,29976,29978,29981,29982,29982,29983,29983,29984,29984,29985,29985,0,29986,29987,29987,29988]} 1. e4 c5 2. Nf3 Nc6 3. Bb5 g6 4. O-O Bg7 5. Re1 a6 6. Bxc6 bxc6 7. d3 d6 {[#] B31: Sicilian: 2...Nc6 3 Bb5 g6.} (7... e5 $11) 8. Nc3 (8. e5 $1 $16) 8... e5 $11 9. a3 {[#]} Nh6 $146 {The position is equal.} ({Predecessor:} 9... a5 10. a4 h6 11. Nd2 Be6 12. Nc4 Nf6 13. Qe2 O-O 14. Bd2 Nh5 15. g3 Ra7 {0-1 (32) Giffard,N (2355)-Roos,L (2390) Strasbourg 1992}) 10. b4 cxb4 11. axb4 O-O 12. Nd2 (12. Bd2 $14) 12... f5 13. f3 Qb6+ {[%mdl 64] Double Attack} 14. Kh1 Qxb4 15. Ne2 (15. Nc4 $1 $11 {keeps the balance.}) 15... d5 $2 (15... Be6 $17 {stays on course.} 16. Ba3 Qb8) 16. Ba3 $36 {[%mdl 2048] White is on the roll.} Qb6 17. Rb1 Qc7 18. Bxf8 Bxf8 19. Qc1 (19. Nc3 $5 {[%cal Re4d5]}) 19... f4 (19... fxe4 $14 20. fxe4 a5) 20. Qb2 Bc5 (20... a5 $16 21. exd5 cxd5) 21. exd5 cxd5 22. d4 Bd6 23. Qb3 Be6 $2 {[#]} (23... Qc6 {was worth a try.} 24. c4 Bf5) 24. Nxf4 $1 $18 {[%mdl 512]} exf4 25. Rxe6 Nf7 26. Qxd5 Rd8 27. Ne4 Qxc2 {[%cal Rc2b1]} 28. Rg1 {[%cal Re6d6]} Be5 29. Qc6 ({Inferior is} 29. dxe5 Rxd5 30. Nf6+ Kg7 $15) 29... Qxc6 30. Rxc6 Bxd4 31. Rd1 ({Not} 31. Rxa6 Bxg1 32. Kxg1 Rd1+ 33. Kf2 Rc1 $11) 31... Rb8 32. Rxa6 Be3 33. Nf6+ Kg7 34. Nd5 Re8 35. Re1 Re5 36. Nxe3 fxe3 {[%mdl 4096] Endgame KRR-KRN} 37. Ra3 Rd5 38. Raxe3 Nh6 (38... h5 $142 39. Re6 Nd6) 39. Re7+ Nf7 40. Kg1 Kf6 41. R1e6+ Kg7 42. Ra6 Rf5 43. Raa7 g5 44. Kf2 Kg6 {[#]} 45. Rxf7 $1 Rxf7 46. Rxf7 Kxf7 {K3P-KPP} 47. Ke3 Kf6 48. Ke4 Ke6 49. g4 $2 (49. g3 {mates} Kf6 50. f4 h6 51. f5 g4 52. Kf4 h5 53. Ke4 Ke7 54. Ke5) 49... h6 50. h3 {Black must now prevent f4.} Kf6 51. Kd5 {Strongly threatening Kd6.} Kf7 52. Ke5 {With the idea f4.} Ke7 53. f4 gxf4 54. Kxf4 $11 {White wants to mate with Ke5. KPP-KP} Kf6 55. h4 {Hoping for Kf3.} Kg6 $2 {[%mdl 8192]} (55... Ke6 $11) 56. Ke5 Kg7 57. h5 Kf7 58. Kf5 Kg7 59. Ke6 Kg8 60. Kf6 Kh7 61. Kf7 Kh8 62. Kg6 Kg8 63. Kxh6 {Av CentiPawn Loss W=-40/B=-97. Weighted=-33/-88} 1-0

[Event "Balkan Youth Online-ch 2020"]
[Site "Online"]
[Date "2020.10.31"]
[Round "1.40"]
[White "Velkoski, Stojan"]
[Black "Andjelic, Djordje"]
[Result "1-0"]
[WhiteElo "1705"]
[BlackElo "1900"]
[Annotator "TA"]
[PlyCount "47"]
[EventDate "2020.10.31"]
[EventType "swiss"]
[SourceTitle "playchess.com"]
[Source "ChessBase"]
[SourceQuality "1"]

{[%evp 12,47,85,73,71,58,97,85,116,108,111,98,151,146,138,106,206,196,463,223,212,206,288,263,354,327,320,258,341,346,416,389,418,343,443,393,1270,1254]} 1. e4 c5 2. Nc3 Nc6 3. f4 g6 4. Nf3 Bg7 5. Bb5 e6 6. Bxc6 bxc6 7. e5 d5 {B23: Closed Sicilian: Lines without g3.} 8. O-O Ne7 9. b3 O-O {White is better.} 10. Ba3 {[#]} c4 $146 ({Predecessor:} 10... Ba6 11. d3 d4 12. Ne4 Nd5 13. Bxc5 Ne3 14. Qe2 Nxf1 15. Rxf1 {1-0 (26) Marx,I (1678)-Steyn,A (1285) Bloemfontein 2016}) 11. bxc4 dxc4 (11... Ba6 $142) 12. Ne4 $16 Ba6 13. Nf6+ Kh8 (13... Bxf6 $16 14. exf6 Nd5) 14. Qe1 {Nxh7! is the strong threat.} Nd5 $2 {[#]} (14... h6 15. Qf2 Nd5 16. Bxf8 Bxf8) 15. Bxf8 (15. Nxh7 $142 $1 {[%mdl 512]} c5 (15... Kxh7 16. Ng5+) 16. Bxc5) 15... Qxf8 $18 16. Qh4 {[%csl Gf6][%cal Rh4h7]} Bxf6 17. exf6 Qd8 18. Ng5 {[%csl Gg5][%cal Rh4h7]} Qg8 19. Ne4 Qf8 20. Rf3 h5 21. Rg3 Qh6 22. Rg5 Rg8 23. Kh1 Kh7 $2 {[#]} (23... Rd8 24. c3 Bc8) 24. Rxd5 $1 {[%mdl 512] Av CentiPawn Loss W=-36/B=-105. Weighted=-28/-93} 1-0

[Event "Balkan Youth Online-ch 2020"]
[Site "Online"]
[Date "2020.10.31"]
[Round "1.41"]
[White "Pobor, Milo"]
[Black "Boci, Petro"]
[Result "1-0"]
[WhiteElo "2084"]
[BlackElo "1434"]
[Annotator "TA"]
[PlyCount "53"]
[EventDate "2020.10.31"]
[EventType "swiss"]
[SourceTitle "playchess.com"]
[Source "ChessBase"]
[SourceQuality "1"]

{[%evp 27,53,31,32,31,37,19,9,8,21,15,19,0,0,0,80,72,239,230,290,286,324,316,655,646,1451,1444,1340,1288]} 1. e4 c5 2. Nf3 Nc6 3. d4 cxd4 4. Nxd4 Nf6 5. Nc3 e5 6. Ndb5 d6 7. Bg5 a6 8. Na3 b5 9. Bxf6 gxf6 10. Nd5 f5 11. Bd3 Be6 12. O-O Bxd5 13. exd5 Ne7 14. c4 Bg7 {White should prevent ...e4.} 15. Rb1 {B33: Sicilian: Pelikan and Sveshnikov Variations.} bxc4 16. Nxc4 O-O 17. Qh5 {The position is equal.} e4 18. Bc2 Rc8 19. b3 Rc5 20. Rbd1 {[#]} Qd7 $146 {[#]} (20... Re8 $11 {remains equal.}) ({Predecessor:} 20... Qc7 21. f3 Nxd5 22. fxe4 Rxc4 23. bxc4 Ne3 24. Bd3 Qc5 25. Kh1 fxe4 26. Qxc5 dxc5 27. Bxe4 Nxd1 28. Rxd1 {½-½ (34) Benda,H (2336)-Wagner,S (2174) Hartberg 2004}) 21. f3 $1 $16 e3 $2 {Black cannot hold the game after this.} (21... Nxd5 $16 {might work better.} 22. fxe4 Qa7) 22. Nxe3 $18 Qa7 {Threatens to win with ...Rxc2.} 23. Kh1 Rc3 24. Bxf5 ({Weaker is} 24. Nxf5 Rxc2 25. Nxd6 Rxa2 $17) 24... Nxf5 $2 (24... h6) 25. Nxf5 {White is clearly winning.} Qc7 {[#]} 26. Qg4 $1 {[%csl Gf5][%cal Rg4g7]} f6 27. Rfe1 {Av CentiPawn Loss W=-10/B=-116. Weighted=-10/-192} 1-0

[Event "Balkan Youth Online-ch 2020"]
[Site "Online"]
[Date "2020.10.31"]
[Round "1.42"]
[White "Filippovskiy Nikita"]
[Black "Veljanoski, Andrej"]
[Result "0-1"]
[WhiteElo "1534"]
[BlackElo "2007"]
[Annotator "TA"]
[PlyCount "94"]
[EventDate "2020.10.31"]
[EventType "swiss"]
[SourceTitle "playchess.com"]
[Source "ChessBase"]
[SourceQuality "1"]

{[%evp 17,94,14,21,18,43,45,39,37,31,29,50,26,44,-32,0,-39,-26,-21,1,0,0,-67,-80,-121,-133,-433,-160,-481,-531,-520,-495,-570,-556,-546,-552,-545,-533,-606,-610,-600,-589,-551,-523,-705,-677,-784,-763,-677,-636,-636,-636,-628,-627,-1349,-1344,-1303,-1285,-1322,-1309,-1153,-1083,-12841,-4265,-12842,-12841,-12845,-12843,-12848,-12848,-12850,-12846,-12850,-12850,-27999,-27999,-27999,-27999,-27999,-27999]} 1. e4 e5 2. Nf3 Nc6 3. Bc4 Bc5 4. c3 Nf6 5. d3 a6 6. Bb3 Ba7 7. O-O d6 8. Nbd2 {[%cal Bb1d2,Bd2f1,Bf1g3][%mdl 32]} O-O 9. Re1 Ng4 10. Re2 {C54: Giuoco Piano: 4 c3 Nf6, main lines with 5 d4 and 5 d3.} Ne7 11. h3 Nf6 12. Nf1 {White is slightly better.} Ng6 13. Ng3 {[#]} Be6 $146 ({Predecessor:} 13... c6 14. d4 Nf4 15. Bxf4 exf4 16. Nf1 d5 17. exd5 cxd5 18. Qd2 Bb8 19. Bc2 Nh5 {½-½ (46) Gocheva,R (2152)-Kukov,V (2425) Sofia 2011}) 14. Bc2 d5 15. Ng5 (15. exd5 $14 Qxd5 16. Bb3) 15... Bd7 16. Bb3 h6 17. Nf3 c6 (17... dxe4 {keeps more tension.} 18. dxe4 Qc8 19. Qf1 b5 20. a4 Re8) 18. exd5 Nxd5 19. Nxe5 (19. d4 $11) 19... Nxe5 $15 20. Rxe5 Bxf2+ $1 {[%mdl 64] [#] Double Attack} 21. Kh2 $2 {[%mdl 8192] White does not recover from this.} (21. Kxf2 $17 {was forced.} Qf6+ {[%mdl 64] Double Attack} 22. Qf3 Qxe5 23. Bd2) 21... Qc7 $2 ({Inferior is} 21... Qh4 22. Qf3 $11) (21... Bxg3+ $19 22. Kxg3 Qc7) 22. Qe2 $2 (22. Qf3 $17 Qxe5 23. Qxf2) 22... Bxg3+ $19 23. Kxg3 f6 {[%mdl 64] Pin} 24. Bxd5+ cxd5 25. Bf4 fxe5 26. Bxe5 Qd8 27. Re1 Qg5+ 28. Kh2 Rae8 29. d4 Bf5 30. Rf1 Be4 {And now ...Rxf1 would win.} 31. Rxf8+ Rxf8 32. c4 Qxg2+ {[%mdl 64] Deflection} 33. Qxg2 Bxg2 34. Kxg2 dxc4 {[%mdl 4096] Endgame KR-KB} 35. d5 Rf5 36. Bc3 Rxd5 37. Kf3 Rd3+ 38. Kg4 Kf7 39. a4 g6 40. h4 b5 41. axb5 axb5 42. h5 gxh5+ 43. Kxh5 Rh3+ 44. Kg4 {[#]} Rxc3 $1 45. bxc3 Kg6 {Black mates.} 46. Kh4 Kf5 {( -> ...b4!)} 47. Kh5 Ke4 {Av CentiPawn Loss W=-100/B=-42. Weighted=-97/-54} 0-1

[Event "Balkan Youth Online-ch 2020"]
[Site "Online"]
[Date "2020.10.31"]
[Round "1.43"]
[White "Padurariu, Mihai-Edward"]
[Black "Cacaj, Skerdi"]
[Result "1-0"]
[WhiteElo "2084"]
[BlackElo "1322"]
[Annotator "TA"]
[PlyCount "61"]
[EventDate "2020.10.31"]
[EventType "swiss"]
[SourceTitle "playchess.com"]
[Source "ChessBase"]
[SourceQuality "1"]

{[%evp 11,61,35,62,52,62,60,39,46,82,86,200,209,266,156,524,510,504,145,149,115,114,110,116,108,113,113,109,106,121,108,113,112,116,113,115,116,112,116,162,120,135,89,106,7,449,54,52,75,72,58,102,101]} 1. e4 c5 2. b3 e6 3. Nf3 d5 4. exd5 exd5 5. Bb5+ Bd7 6. Bxd7+ Nxd7 7. O-O $1 {B40: Sicilian: 2...e6, Unusual lines.} Ngf6 8. Re1+ Be7 9. Qe2 {White is slightly better.} d4 10. c3 dxc3 (10... Nd5 $16 {was called for.}) 11. Nxc3 $18 {[#]} Nb8 $146 {If Black can now play ...Nc6 this consolidates a bit.} ({Predecessor:} 11... Nf8 12. Ne5 Ng6 13. Qb5+ Nd7 14. Nxg6 hxg6 15. Nd5 Kf8 16. Nxe7 Qc7 17. g3 Re8 18. Bb2 Qd6 19. Qxb7 Rh5 20. Qc6 Qd3 21. Re3 Qxd2 22. Bc3 {1-0 (22) Zhurikhin,A (2244)-Soboleva,A (1917) Voronezh 2013}) 12. d4 ({White must play} 12. Ba3 $1 $18 {[%cal Ra3c5]} Nc6 13. Bxc5) 12... cxd4 $2 (12... Nc6 $16 {is more resistant.}) 13. Ba3 Nc6 {[#]} 14. Bxe7 $2 (14. Nxd4 $1 $18 {[%mdl 512]} Nxd4 15. Qxe7+ Qxe7 16. Rxe7+ Kf8 17. Re4+ Kg8 18. Rxd4) 14... Nxe7 $16 15. Rad1 O-O 16. Rxd4 Qc7 17. Qxe7 Qxc3 18. Qxb7 Rfe8 19. Rdd1 Qc2 20. Ng5 Qg6 21. h4 h6 22. Nf3 Qc2 23. Ne5 Rf8 24. a4 a5 25. Nc6 Rfe8 26. Ne7+ Kh8 27. Nd5 (27. Qf3 $16) 27... Rab8 $2 {[%mdl 8192] [#]} (27... Ne4 $11 {and Black is okay.} 28. Qb6 (28. Qxf7 $2 Rf8 $17) 28... Rab8) 28. Qxf7 $2 ({White has to play} 28. Nxf6 $1 $18 {[%mdl 512]} gxf6 29. Qxf7 {[%mdl 64] Double Attack} Rxe1+ 30. Rxe1) 28... Qxb3 $14 {Hoping for ...Rxe1+.} 29. Rxe8+ $1 Rxe8 30. Rd4 Qb1+ 31. Kh2 {Av CentiPawn Loss W=-44/B=-50. Weighted=-63/-53} 1-0

[Event "Balkan Youth Online-ch 2020"]
[Site "Online"]
[Date "2020.10.31"]
[Round "1.46"]
[White "Sukovic, Darko"]
[Black "Gavrilescu, David"]
[Result "0-1"]
[WhiteElo "1938"]
[BlackElo "2476"]
[Annotator "TA"]
[PlyCount "82"]
[EventDate "2020.10.31"]
[EventType "swiss"]
[SourceTitle "playchess.com"]
[Source "ChessBase"]
[SourceQuality "1"]

{[%evp 12,82,0,0,0,0,6,-28,-5,-71,-52,-49,-66,-79,-63,-75,-88,-84,-78,-83,-66,-140,-132,-195,-190,-385,-384,-634,-624,-695,-699,-791,-700,-659,-446,-444,-446,-443,-431,-430,-435,-526,-531,-518,-513,-539,-545,-574,-585,-582,-581,-574,-564,-618,-568,-575,-550,-453,-481,-476,-466,-476,-471,-509,-483,-444,-475,-449,-449,-738,-729,-2014,-1934]} 1. d4 d5 2. c4 e6 3. Nf3 Nf6 4. Nc3 Bb4 5. Bg5 dxc4 6. Qa4+ Nc6 7. e3 {7.e3 is better than 7.a3.} Bd7 {aiming for ...Nxd4! D39: Queen's Gambit Declined: Ragozin Defence with 5 Bg5 dxc4.} 8. Qc2 b5 9. a4 a6 {[#] Black has an edge.} 10. Ne5 $146 (10. Be2 $1 $11) ({Predecessor:} 10. Be2 Be7 11. O-O Rb8 12. axb5 axb5 13. Bxf6 Bxf6 14. Ne4 Be7 15. b3 Nb4 16. Qb2 {½-½ (65) Cmilyte,V (2514)-Kosteniuk,A (2527) Beijing 2013}) 10... Rb8 11. axb5 axb5 12. Be2 {[#]} Be7 $1 13. Bf3 Nxe5 14. dxe5 Nd5 $1 {[%cal Rd5b4]} 15. Bxe7 Qxe7 16. Bxd5 ({White should play} 16. Nxd5 $15 exd5 17. Bxd5) 16... exd5 $17 17. f4 (17. Nxd5 $17 {was necessary.} Qxe5 18. Rd1) 17... c6 $19 18. Ra7 $2 (18. O-O {was called for.}) 18... Qc5 $1 {[%csl LRa7,LRe3][%mdl 64] [#] Double Attack} 19. Rxd7 $2 (19. Ra1 Qxe3+ {[%mdl 64] Double Attack} 20. Ne2) 19... Qxe3+ {[%mdl 64] Double Attack. Black is clearly winning.} 20. Kd1 Kxd7 21. Qf5+ Ke8 22. Re1 Qd3+ 23. Qxd3 cxd3 {[%mdl 4096] Endgame KRR-KRN} 24. Kd2 Kd7 25. Kxd3 Ra8 26. g4 b4 27. Ne2 Ra2 28. Kc2 c5 29. f5 Re8 30. Nf4 Kc6 31. e6 fxe6 32. fxe6 Kd6 33. Rd1 d4 34. Kb3 Ra7 35. Kc4 g5 36. Nd3 Rc7 37. Rf1 Rxe6 38. Rf5 Re2 39. Rd5+ Ke7 40. Nxc5 (40. Rxg5 $142 Rc2+ 41. Kb3 Rxh2 42. Nxc5) 40... Rxb2 41. Rxg5 Rc2+ {Black took control after the opening. Av CentiPawn Loss W=-63/B=-15. Weighted=-76/-14} 0-1

[Event "Balkan Youth Online-ch 2020"]
[Site "Online"]
[Date "2020.10.31"]
[Round "1.47"]
[White "Vlachos, Anatole"]
[Black "Iustin, Silviu"]
[Result "1-0"]
[WhiteElo "2437"]
[BlackElo "1998"]
[Annotator "TA"]
[PlyCount "129"]
[EventDate "2020.10.31"]
[EventType "swiss"]
[SourceTitle "playchess.com"]
[Source "ChessBase"]
[SourceQuality "1"]

{[%evp 15,129,34,44,0,0,0,0,0,0,0,0,-1,11,-40,-38,-37,-22,-77,-66,-83,-88,-95,-91,-97,-37,-74,-14,-8,-7,-7,-11,-11,-11,-12,-10,-18,-20,-17,-16,-17,-17,-17,0,-18,0,0,0,-12,0,-7,-7,-7,-8,-3,0,-16,-8,-13,0,-18,0,0,0,0,1041,1031,977,580,572,572,1027,984,1242,1287,1630,1755,1331,1033,29970,29971,29971,29972,29976,29976,29976,29977,29975,29975,29973,29972,29973,29973,29973,29974,29973,29974,29974,29972,29974,29974,29984,29985,29985,29986,29987,29988,29988,29988,29988,29989,29992,29993,29994,29995,29996,5110]} 1. Nf3 Nf6 2. g3 g6 3. Bg2 Bg7 4. O-O O-O 5. d3 d5 6. Nbd2 c6 7. e4 dxe4 8. dxe4 Qc7 {[#]} 9. e5 $146 {A07: Réti Opening: New York and Capablanca Systems.} ({Predecessor:} 9. Qe2 e5 10. Nc4 Re8 11. Rd1 Na6 12. Bg5 h6 13. Bxf6 Bxf6 14. Nd6 Rd8 15. Nxc8 Raxc8 16. c3 Qb6 17. h4 {½-½ (35) Tiits,T (2539)-Jensen,E (2495) ICCF email 2014}) 9... Ng4 10. Re1 Nxe5 11. Nxe5 {The position is equal.} Bxe5 12. Nc4 Bf6 13. Bf4 Qd8 14. Qe2 ({White should play} 14. Bh6 $11) 14... Be6 $15 15. Rad1 Qc8 16. Be5 (16. b3 $11) 16... Nd7 $17 {And now ...Bxc4 would win.} 17. Bd4 Qc7 18. h4 h5 19. Qd3 {aiming for Rxe6!} Bf5 (19... Rfd8 $17 20. Qc3 (20. Rxe6 $2 Nc5 $19 {[%mdl 64] Double Attack, Pin}) 20... Bxd4 21. Rxd4 Nf6) 20. Qe3 e5 (20... Rfd8 $17) 21. Nxe5 $11 Nxe5 22. Bxe5 Bxe5 23. Qxe5 Qxe5 24. Rxe5 Rfe8 25. Rxe8+ Rxe8 {[%mdl 4096] Endgame KRB-KRB} 26. Rd2 Re1+ 27. Kh2 Kf8 28. Bf3 Ke7 29. Kg2 Bg4 30. Bxg4 hxg4 {KR-KR} 31. Rd4 Rc1 (31... f5 {keeps more tension.} 32. Rd2 b5 33. f3 Rb1 34. c3 a5) 32. Rxg4 (32. Re4+ {seems wilder.} Kd7 33. Rd4+ Ke6 34. Re4+ Kf6 35. c3) 32... Rxc2 33. Ra4 Rxb2 34. Rxa7 Ke6 35. g4 c5 36. Ra8 c4 37. Rc8 b5 38. h5 gxh5 $1 39. gxh5 {Strongly threatening h6.} Kd7 $2 {[%mdl 8192] [#] White stays focused until the end.} (39... Kf5 $11) 40. h6 $1 $18 Kxc8 41. h7 Rxa2 42. h8=Q+ {KQ-KR} Kd7 43. Qf6 Kc7 44. Kf3 Ra3+ 45. Ke4 Rd3 46. Qa6 Rd6 47. Qxb5 {White mates.} Re6+ 48. Kd5 Kd8 49. Qxc4 Ke7 50. Qc5+ Kf6 51. Qd4+ Ke7 52. Qh4+ Kd7 53. f4 Rd6+ 54. Ke5 Re6+ 55. Kf5 Ke8 56. Qh7 Ke7 57. Kg5 Rg6+ {[#]} 58. Qxg6 $1 fxg6 59. Kxg6 {KP-K} Kf8 60. Kf6 Kg8 61. Ke7 Kg7 62. f5 Kg8 63. f6 Kh8 64. f7 Kh7 65. f8=Q {Av CentiPawn Loss W=-33/B=-51. Weighted=-29/-119} (65. Kf6 $142 Kh6 66. f8=Q+ Kh5 67. Qb4 Kh6 68. Qh4#) 1-0